[Event "Tournoi francophone 006 Groupe D"]
[Site "Skype"]
[Date "????.??.??"]
[Round "1.1"]
[White "Bucherie, Volcy"]
[Black "Ambrosino, Theo"]
[Result "0-1"]
[WhiteElo "1218"]
[BlackElo "1419"]
[PlyCount "40"]

1. d4 d5 2. c4 Nc6 3. Nc3 Nf6 4. Nf3 h6 5. Bf4 a6 6. e4 dxe4 7. Ne5 Nxd4 8. g3
Nf3+ 9. Nxf3 Qxd1+ 10. Rxd1 exf3 11. Nd5 Nxd5 12. cxd5 e6 13. Bxc7 Bb4+ 14. Rd2
Bxd2+ 15. Kxd2 exd5 16. Ke3 O-O 17. Kxf3 Re8 18. Bg2 h5 19. Rd1 g5 20. Rxd5
Bg4# 0-1

[Event "Tournoi francophone 006 Groupe D"]
[Site "Skype"]
[Date "????.??.??"]
[Round "1.2"]
[White "Riviere, Perrine"]
[Black "Porcabeuf, Jean-Marc"]
[Result "1-0"]
[WhiteElo "1304"]
[BlackElo "1309"]
[PlyCount "69"]

1. e4 e5 2. Nf3 Nc6 3. Bb5 a6 4. Ba4 b5 5. Bb3 Na5 6. Nxe5 Nxb3 7. axb3 Nf6 8.
d3 d6 9. Nf3 Be7 10. Bg5 O-O 11. O-O Bb7 12. Nbd2 h6 13. Bf4 d5 14. Re1 dxe4
15. Nxe4 Nxe4 16. dxe4 Qc8 17. Ne5 Bd6 18. f3 f6 19. Ng6 Bc5+ 20. Kh1 Rd8 21.
Qe2 Qe6 22. Bxc7 Rd7 23. Bg3 Qf7 24. Nh4 Re8 25. Rad1 Rde7 26. Nf5 Re6 27. Bf2
Bb4 28. c3 Ba5 29. b4 Bc7 30. Bc5 Qg6 31. Nd6 Bxe4 32. Nxe8 Rxe8 33. fxe4 Rxe4
34. Qxe4 Qxe4 35. Rxe4 1-0

[Event "Tournoi francophone 006 Groupe D"]
[Site "Skype"]
[Date "????.??.??"]
[Round "1.3"]
[White "Guillaume, Mickael"]
[Black "Vervoort, Jean-Louis"]
[Result "1-0"]
[WhiteElo "1323"]
[BlackElo "1289"]
[PlyCount "77"]

1. d4 d5 2. e3 e6 3. c4 Nf6 4. c5 Nc6 5. a3 b6 6. b4 bxc5 7. bxc5 Rb8 8. Bd3
Be7 9. Nf3 h6 10. Nc3 O-O 11. O-O Bd7 12. Bc2 Rb7 13. Bd2 Qa8 14. Rb1 Rfb8 15.
Rxb7 Rxb7 16. Qa1 Qb8 17. Rb1 Na5 18. Rxb7 Qxb7 19. Qa2 c6 20. Qb1 Qa6 21. Qb4
Nc4 22. Bc1 Ne4 23. Bxe4 dxe4 24. Nxe4 g5 25. Nfd2 e5 26. Nxc4 exd4 27. exd4 f5
28. Nc3 Be6 29. Ne5 Kg7 30. a4 Bf6 31. Nf3 Qd3 32. h3 Bc4 33. Nh2 Bxd4 34. Qb7+
Kg6 35. Qxc6+ Kh5 36. Qe8+ Kh4 37. Qe2 Bxc3 38. Nf3+ Kh5 39. Qe8+ 1-0

[Event "Tournoi francophone 006 Groupe D"]
[Site "Skype"]
[Date "????.??.??"]
[Round "1.4"]
[White "Lemoine, Gerard"]
[Black "Gabriele, Noel"]
[Result "0-1"]
[WhiteElo "1409"]
[BlackElo "1305"]
[PlyCount "28"]

1. d4 Nf6 2. c4 c6 3. Nc3 e6 4. Nf3 Na6 5. a3 Nc7 6. Bg5 Be7 7. e4 h6 8. Bh4
O-O 9. Bd3 d5 10. e5 Nfe8 11. Bxe7 Qxe7 12. c5 f5 13. exf6 Qxf6 14. Ne5 Qxf2#
0-1

[Event "Tournoi francophone 006 Groupe D"]
[Site "Skype"]
[Date "????.??.??"]
[Round "1.5"]
[White "Bustos, Ricardo"]
[Black "Dhenain, Sebastien"]
[Result "1-0"]
[WhiteElo "1336"]
[BlackElo "1199"]
[PlyCount "83"]

1. d4 d5 2. Bf4 Nf6 3. e3 Bg4 4. Be2 Be6 5. Nf3 Nc6 6. c3 Bg4 7. Ne5 Nxe5 8.
dxe5 Bxe2 9. Qxe2 Ne4 10. Nd2 Nxd2 11. Qxd2 e6 12. O-O Be7 13. Rfe1 Bg5 14. Bg3
O-O 15. f4 Be7 16. b4 Bh4 17. Qf2 Bxg3 18. Qxg3 h6 19. Rad1 Rc8 20. c4 c5 21.
cxd5 exd5 22. bxc5 Rxc5 23. e4 Qb6 24. Kh1 dxe4 25. Rxe4 Rfc8 26. h3 Qb2 27. a3
Rc3 28. Re3 Rc1 29. Red3 Rxd1+ 30. Rxd1 Rc1 31. Qf3 Rxd1+ 32. Qxd1 Qxa3 33.
Qd8+ Kh7 34. Qc7 b5 35. Qxf7 Qc1+ 36. Kh2 Qc8 37. f5 Qb8 38. Qg6+ Kg8 39. Qe6+
Kf8 40. f6 gxf6 41. Qxf6+ Ke8 42. Qh8+ 1-0

[Event "Tournoi francophone 006 Groupe D"]
[Site "Skype"]
[Date "????.??.??"]
[Round "2.1"]
[White "Ambrosino, Theo"]
[Black "Dhenain, Sebastien"]
[Result "1-0"]
[WhiteElo "1419"]
[BlackElo "1199"]
[PlyCount "81"]

1. e4 e5 2. Nf3 Nc6 3. d4 exd4 4. Nxd4 Nxd4 5. Qxd4 Nf6 6. Nc3 Qe7 7. f3 Qb4 8.
Qe5+ Qe7 9. Qxc7 Qc5 10. Qxc5 Bxc5 11. Bf4 O-O 12. O-O-O Nh5 13. Bd2 Bd6 14.
Be3 Bf4 15. Nd5 Bxe3+ 16. Nxe3 Nf4 17. Nf5 Ng6 18. Nd6 h6 19. Nxc8 Raxc8 20.
Rxd7 Rc5 21. b3 Rfc8 22. c4 b5 23. Kd1 Ne5 24. Rd5 Rxd5+ 25. cxd5 a6 26. a4 b4
27. Bxa6 Rc3 28. d6 Rxb3 29. Ke2 Rb2+ 30. Ke3 Rb3+ 31. Kd4 Nc6+ 32. Kc4 Rc3+
33. Kd5 Nb8 34. Bb5 Rc2 35. Rd1 Rf2 36. a5 Ra2 37. a6 Nxa6 38. Bxa6 Rxa6 39. d7
Ra8 40. Rc1 Rd8 41. Rc8 1-0

[Event "Tournoi francophone 006 Groupe D"]
[Site "Skype"]
[Date "????.??.??"]
[Round "2.3"]
[White "Vervoort, Jean-Louis"]
[Black "Lemoine, Gerard"]
[Result "0-1"]
[WhiteElo "1289"]
[BlackElo "1409"]
[PlyCount "72"]

1. d4 d5 2. c4 e6 3. Nc3 Nf6 4. Bg5 b6 5. e3 Be7 6. Nf3 Nc6 7. Bd3 O-O 8. O-O
Nb4 9. Bb1 Ba6 10. b3 dxc4 11. bxc4 Bxc4 12. Re1 Nbd5 13. Qc2 Nxc3 14. Qxc3 Bd5
15. Qd3 Ne4 16. Bxe7 Qxe7 17. Nd2 Nf6 18. a3 a5 19. e4 Bb7 20. e5 Ba6 21. Qc2
g6 22. exf6 Qd7 23. Nf3 Rfd8 24. Rd1 Bb7 25. Ne5 Qd5 26. f3 c5 27. Ba2 Qd6 28.
Nc4 Qc7 29. Rd2 Rxd4 30. Rxd4 cxd4 31. Rd1 b5 32. Rxd4 Bd5 33. Kf2 Qxh2 34. Ne3
Qe5 35. Bxd5 Rd8 36. Qc4 bxc4 0-1

[Event "Tournoi francophone 006 Groupe D"]
[Site "Skype"]
[Date "????.??.??"]
[Round "2.4"]
[White "Porcabeuf, Jean-Marc"]
[Black "Guillaume, Mickael"]
[Result "0-1"]
[WhiteElo "1309"]
[BlackElo "1323"]
[PlyCount "64"]

1. d4 d5 2. e3 e6 3. Nf3 Bd6 4. Bd3 a6 5. O-O Nf6 6. Re1 Nc6 7. c3 O-O 8. Nbd2
e5 9. e4 Re8 10. exd5 Nxd5 11. Nc4 Bg4 12. Be4 Be6 13. dxe5 Bxe5 14. Nfxe5 Nf6
15. Qc2 Bxc4 16. Nxc4 Qe7 17. Bxh7+ Nxh7 18. Rxe7 Rxe7 19. Bf4 Rae8 20. h3 b5
21. Nd2 Nf6 22. Nf3 Re4 23. Bxc7 Re2 24. Qd3 Rxb2 25. Bg3 Nh5 26. Qd7 Ree2 27.
Qxc6 Nxg3 28. Nh2 Rxf2 29. Ng4 Rfe2 30. Kh2 Ne4 31. Rf1 Rxg2+ 32. Kh1 Ng3# 0-1

[Event "Tournoi francophone 006 Groupe D"]
[Site "Skype"]
[Date "????.??.??"]
[Round "2.5"]
[White "Bucherie, Volcy"]
[Black "Riviere, Perrine"]
[Result "1-0"]
[WhiteElo "1218"]
[BlackElo "1304"]
[PlyCount "25"]

1. d4 d5 2. c4 dxc4 3. Nc3 Nf6 4. Bd2 Qxd4 5. Nf3 Qd8 6. e4 Nc6 7. Bxc4 e5 8.
Ng5 Be6 9. Bxe6 Qe7 10. Bxf7+ Kd7 11. Be6+ Ke8 12. Be3 h6 13. Bf7+ 1-0

[Event "Tournoi francophone 006 Groupe D"]
[Site "Skype"]
[Date "????.??.??"]
[Round "3.1"]
[White "Riviere, Perrine"]
[Black "Ambrosino, Theo"]
[Result "0-1"]
[WhiteElo "1304"]
[BlackElo "1419"]
[PlyCount "56"]

1. e4 e5 2. Nf3 Nc6 3. Bb5 Nf6 4. O-O Nxe4 5. Re1 d5 6. d3 Nf6 7. Nxe5 Be7 8.
Nxc6 bxc6 9. Bxc6+ Bd7 10. Bxa8 Qxa8 11. Qe2 Be6 12. Bf4 Qc6 13. Na3 O-O 14. c4
Bc5 15. Be3 d4 16. Bg5 Ng4 17. Qe4 Qd7 18. f3 Bf5 19. Qd5 Qxd5 20. cxd5 Ne3 21.
Bxe3 dxe3 22. Kf1 Bxd3+ 23. Kg1 e2+ 24. Kh1 Re8 25. Rac1 Bf2 26. Nc2 Bxc2 27.
g3 Bxe1 28. Rxe1 Bd1 0-1

[Event "Tournoi francophone 006 Groupe D"]
[Site "Skype"]
[Date "????.??.??"]
[Round "3.2"]
[White "Guillaume, Mickael"]
[Black "Bucherie, Volcy"]
[Result "1-0"]
[WhiteElo "1323"]
[BlackElo "1218"]
[PlyCount "155"]

1. d4 d5 2. b3 Nc6 3. e3 Nf6 4. c4 b5 5. cxd5 Nxd5 6. Bxb5 Bd7 7. Bxc6 Bxc6 8.
Nf3 e6 9. a3 Bd6 10. e4 Nb6 11. Nc3 O-O 12. O-O Bb7 13. Re1 Rc8 14. Qc2 c5 15.
e5 cxd4 16. Ng5 g6 17. exd6 Qxd6 18. Nce4 Qd5 19. Nf6+ Kg7 20. Nxd5 Rxc2 21.
Nxb6 axb6 22. Rd1 h6 23. Nh3 e5 24. f4 e4 25. Rxd4 f5 26. Rd7+ Kf6 27. Rxb7 Rd8
28. Rxb6+ Kg7 29. Be3 Re2 30. Bf2 e3 31. Be1 Rc2 32. Kf1 e2+ 33. Kf2 Rd1 34.
Rb7+ Kf6 35. Rb6+ Kg7 36. Ng1 Rxa1 37. Nxe2 Raa2 38. Re6 Rxa3 39. Bc3+ Kf7 40.
Re3 Rxb3 41. Rd3 Ke6 42. Ke3 g5 43. Nd4+ Kd6 44. Kf3 gxf4 45. Kxf4 Rf2+ 46.
Nf3+ Ke6 47. Re3+ Kd5 48. Kxf5 Rxg2 49. Re5+ Kd6 50. Re3 Rf2 51. Kg6 Kd5 52.
Kf6 Rb6+ 53. Kf5 Kc4 54. Bd4 Rb5+ 55. Kg6 Rg2+ 56. Kxh6 Rf2 57. Kg6 Rxf3 58.
Rxf3 Kxd4 59. h4 Ke4 60. Rf5 Rb6+ 61. Rf6 Rb5 62. h5 Ke5 63. Rf5+ Ke4 64. Rxb5
Kf4 65. Kh6 Kg4 66. Kg6 Kf4 67. h6 Kg4 68. h7 Kf4 69. h8=Q Ke4 70. Rf5 Ke3 71.
Qe5+ Kd3 72. Rf3+ Kc4 73. Kf6 Kb4 74. Rf4+ Kb3 75. Qe3+ Kc2 76. Rf2+ Kd1 77.
Qe2+ Kc1 78. Rf1# 1-0

[Event "Tournoi francophone 006 Groupe D"]
[Site "Skype"]
[Date "????.??.??"]
[Round "3.3"]
[White "Lemoine, Gerard"]
[Black "Porcabeuf, Jean-Marc"]
[Result "1/2-1/2"]
[WhiteElo "1409"]
[BlackElo "1309"]
[PlyCount "82"]

1. d4 d5 2. c4 c6 3. Nf3 Nd7 4. Bg5 f6 5. Bf4 e6 6. a3 Ne7 7. Nbd2 Ng6 8. Bg3
Be7 9. e4 O-O 10. Bd3 dxe4 11. Nxe4 f5 12. Nc3 b6 13. Be5 Ndxe5 14. dxe5 Bb7
15. g3 c5 16. Be2 Nxe5 17. O-O Qc7 18. Nxe5 Qxe5 19. Bf3 Bxf3 20. Qxf3 Rad8 21.
Rfe1 Qd6 22. Nb5 Qd7 23. Rad1 Qe8 24. Nc7 Qg6 25. Rxe6 Qf7 26. Qe2 Rxd1+ 27.
Qxd1 Bd8 28. Rd6 Bxc7 29. Rd7 Qf6 30. Rxc7 h5 31. Qd5+ Kh7 32. Rxa7 h4 33. Qf3
Qg6 34. g4 f4 35. Kg2 Rf5 36. h3 Rf6 37. Rc7 Re6 38. a4 Re1 39. Qxf4 Qb1 40.
Qf5+ Qxf5 41. gxf5 Re8 1/2-1/2

[Event "Tournoi francophone 006 Groupe D"]
[Site "Skype"]
[Date "????.??.??"]
[Round "3.4"]
[White "Bustos, Ricardo"]
[Black "Vervoort, Jean-Louis"]
[Result "0-1"]
[WhiteElo "1336"]
[BlackElo "1289"]
[PlyCount "56"]

1. d4 d5 2. Bf4 Bf5 3. e3 e6 4. Nf3 Nf6 5. Nbd2 Bb4 6. c3 Bd6 7. Ne5 Bxe5 8.
dxe5 Nfd7 9. c4 c6 10. cxd5 cxd5 11. Nf3 h6 12. Be2 O-O 13. O-O Nc6 14. a3 Qb6
15. b4 Rac8 16. h3 Rc7 17. Bd3 Bxd3 18. Qxd3 Rfc8 19. Rac1 a5 20. bxa5 Nxa5 21.
Rxc7 Qxc7 22. Nd2 Qc2 23. Qb5 Qxd2 24. Qxd7 Rc1 25. Qe8+ Kh7 26. Qxf7 Rxf1+ 27.
Kh2 Rxf2 28. Qxe6 Rxg2+ 0-1

[Event "Tournoi francophone 006 Groupe D"]
[Site "Skype"]
[Date "????.??.??"]
[Round "3.5"]
[White "Dhenain, Sebastien"]
[Black "Gabriele, Noel"]
[Result "0-1"]
[WhiteElo "1199"]
[BlackElo "1305"]
[PlyCount "104"]

1. e4 d5 2. exd5 Qxd5 3. Nc3 Qa5 4. Qe2 c6 5. Nf3 Nf6 6. Qe5 Qxe5+ 7. Nxe5 e6
8. d4 Bd6 9. Nf3 O-O 10. Bc4 b5 11. Bd3 Nbd7 12. O-O Nd5 13. Nxd5 exd5 14. b3
f5 15. a4 b4 16. Nh4 g6 17. Re1 f4 18. Nf3 Nf6 19. Ne5 Nh5 20. Nxc6 Bb7 21.
Ne7+ Kh8 22. Re6 Rae8 23. Nxg6+ hxg6 24. Rxe8 Rxe8 25. Bb2 Kh7 26. h3 Bc8 27.
Bb5 Re2 28. Bxe2 Nf6 29. Bg4 Nxg4 30. hxg4 Bxg4 31. Re1 Kg7 32. c3 Kf7 33. cxb4
Bxb4 34. Rc1 g5 35. Rc7+ Ke6 36. Rxa7 Bd6 37. Ra6 Kd7 38. Ra7+ Bc7 39. Ba3 Kc8
40. Ra6 Kb7 41. Ra5 Bxa5 42. b4 Bb6 43. Bb2 Ba7 44. f3 Bd7 45. b5 Bb6 46. Bc3
Ba7 47. Kf2 Be8 48. Bb2 Kb6 49. Ba3 Ka5 50. Bc5 Bb8 51. b6 Kxa4 52. b7 Bc6 0-1

[Event "Tournoi francophone 006 Groupe D"]
[Site "Skype"]
[Date "????.??.??"]
[Round "4.2"]
[White "Vervoort, Jean-Louis"]
[Black "Dhenain, Sebastien"]
[Result "1-0"]
[WhiteElo "1395"]
[BlackElo "1279"]
[PlyCount "51"]

1. d4 d5 2. c4 e6 3. Nc3 Nc6 4. Nf3 Nf6 5. Bg5 Be7 6. Bxf6 Bxf6 7. e3 O-O 8.
Bd3 Nb4 9. Bb1 Re8 10. a3 Nc6 11. Qd3 e5 12. Qxh7+ Kf8 13. O-O Ke7 14. cxd5 Rh8
15. dxc6 Rxh7 16. Bxh7 Qh8 17. Be4 Bg4 18. cxb7 Rb8 19. Nb5 Bxf3 20. Bxf3 Qh6
21. Rfc1 Qg6 22. Rxc7+ Kd8 23. Rac1 e4 24. Rc8+ Rxc8 25. bxc8=Q+ Ke7 26. Rc7#
1-0

[Event "Tournoi francophone 006 Groupe D"]
[Site "Skype"]
[Date "????.??.??"]
[Round "4.3"]
[White "Porcabeuf, Jean-Marc"]
[Black "Bustos, Ricardo"]
[Result "1-0"]
[WhiteElo "1270"]
[BlackElo "1319"]
[PlyCount "45"]

1. d4 Nf6 2. e3 g6 3. c4 c6 4. Bd3 d5 5. h3 Bg7 6. Nf3 Nbd7 7. O-O O-O 8. Nc3
dxc4 9. Bxc4 a6 10. Re1 b5 11. Bb3 c5 12. d5 c4 13. Bc2 b4 14. Ne4 Bb7 15. Ng3
Bxd5 16. e4 Be6 17. Bf4 Nc5 18. Qc1 Re8 19. Bh6 Bh8 20. Bg5 Nfxe4 21. Nxe4 Nxe4
22. Bxe4 c3 23. Bxa8 1-0

[Event "Tournoi francophone 006 Groupe D"]
[Site "Skype"]
[Date "????.??.??"]
[Round "4.5"]
[White "Riviere, Perrine"]
[Black "Guillaume, Mickael"]
[Result "1-0"]
[WhiteElo "1304"]
[BlackElo "1295"]
[PlyCount "31"]

1. e4 e5 2. Nf3 d6 3. Be2 Be7 4. d4 c6 5. dxe5 dxe5 6. Nxe5 Be6 7. Nc3 Qxd1+ 8.
Bxd1 Nf6 9. O-O Nxe4 10. Nxe4 O-O 11. Bf4 Rd8 12. b3 Na6 13. c3 Nc7 14. Nxf7
Bxf7 15. Bxc7 Rxd1 16. Raxd1 1-0

[Event "Tournoi francophone 006 Groupe D"]
[Site "Skype"]
[Date "????.??.??"]
[Round "5.1"]
[White "Guillaume, Mickael"]
[Black "Ambrosino, Theo"]
[Result "0-1"]
[WhiteElo "1295"]
[BlackElo "1419"]
[PlyCount "72"]

1. e4 e5 2. Nf3 Nc6 3. Bc4 Nf6 4. d3 d5 5. exd5 Nxd5 6. Bxd5 Qxd5 7. O-O Bc5 8.
Re1 O-O 9. Be3 Nd4 10. Bxd4 Bxd4 11. Nxd4 exd4 12. Qe2 Be6 13. Nd2 Rae8 14. Qf3
h6 15. Qxd5 Bxd5 16. Rxe8 Rxe8 17. c4 dxc3 18. bxc3 Re2 19. Nf1 Bxa2 20. c4 c5
21. Rd1 Bb3 22. Rb1 Bc2 23. Rxb7 Bxd3 24. Rxa7 Re1 25. h3 Rxf1+ 26. Kh2 Rxf2
27. Re7 Bxc4 28. Re5 Be6 29. Kg3 Rc2 30. Kf3 c4 31. Re2 Bd5+ 32. Ke3 Rc3+ 33.
Kd2 Ra3 34. Kc1 c3 35. Kb1 f5 36. Kc1 Be4 0-1

[Event "Tournoi francophone 006 Groupe D"]
[Site "Skype"]
[Date "????.??.??"]
[Round "5.2"]
[White "Lemoine, Gerard"]
[Black "Riviere, Perrine"]
[Result "0-1"]
[WhiteElo "1330"]
[BlackElo "1304"]
[PlyCount "160"]

1. d4 d5 2. Nc3 c6 3. Bf4 Bf5 4. f3 Nf6 5. g4 Bg6 6. h4 h6 7. Qd2 e6 8. e3 Bd6
9. Nge2 Bxf4 10. Nxf4 Nbd7 11. Be2 Bh7 12. Bd3 O-O 13. Bxh7+ Nxh7 14. Qd3 Ndf6
15. Nfe2 Re8 16. O-O-O e5 17. e4 exd4 18. Nxd4 dxe4 19. fxe4 Nxg4 20. Qg3 Nhf6
21. Ne6 Qb6 22. e5 Qe3+ 23. Qxe3 Nxe3 24. Nc7 Nxd1 25. Rxd1 Ng4 26. Nxa8 Rxa8
27. Re1 Re8 28. Re4 Nxe5 29. b3 f5 30. Re1 f4 31. Kd1 g5 32. hxg5 hxg5 33. Re4
Kf7 34. Ke2 Ng6 35. Kf3 Rxe4 36. Nxe4 Nh4+ 37. Kg4 Kg6 38. Nd6 f3 39. Ne4 b5
40. Kg3 Kf5 41. Nd2 g4 42. Nf1 Ng2 43. Nh2 Ne3 44. c3 a5 45. b4 axb4 46. cxb4
f2 47. Kxf2 Kf4 48. Nf1 Nc2 49. Nh2 Nxb4 50. a3 Na2 51. Nf1 Ke4 52. Ne3 Kd3 53.
Nxg4 c5 54. Ne5+ Kd2 55. Nc6 c4 56. Kf3 c3 57. Na5 c2 58. Nb3+ Kd1 59. Ke3
c1=Q+ 60. Nxc1 Kxc1 61. Kd3 Kb2 62. Kd2 Kxa3 63. Kc2 Nb4+ 64. Kb1 Nd3 65. Kc2
Nc5 66. Kb1 b4 67. Kc2 Ka2 68. Kc1 b3 69. Kd2 b2 70. Ke3 b1=Q 71. Kd4 Qb4+ 72.
Kd5 Kb3 73. Ke5 Qc4 74. Kd6 Kb4 75. Kc6 Ne4+ 76. Kb6 Qc5+ 77. Ka6 Qb5+ 78. Ka7
Kc5 79. Ka8 Kc6 80. Ka7 Qb7# 0-1

[Event "Tournoi francophone 006 Groupe D"]
[Site "Skype"]
[Date "????.??.??"]
[Round "5.3"]
[White "Bustos, Ricardo"]
[Black "Bucherie, Volcy"]
[Result "0-1"]
[WhiteElo "1319"]
[BlackElo "1191"]
[PlyCount "30"]

1. c4 c5 2. Nf3 Nf6 3. Nc3 Nc6 4. e4 b5 5. a3 a6 6. d4 d5 7. cxd5 Nxd4 8. Nxd4
cxd4 9. Qxd4 e5 10. Qd1 Bg4 11. Be2 Bxe2 12. Qxe2 Bc5 13. b4 Bd4 14. O-O Bxc3
15. Qd3 Bxa1 0-1

[Event "Tournoi francophone 006 Groupe D"]
[Site "Skype"]
[Date "????.??.??"]
[Round "5.4"]
[White "Dhenain, Sebastien"]
[Black "Porcabeuf, Jean-Marc"]
[Result "1-0"]
[WhiteElo "1279"]
[BlackElo "1270"]
[PlyCount "59"]

1. e4 e5 2. Nf3 Nc6 3. d4 exd4 4. Nxd4 Ne5 5. Nf3 Ng6 6. Nc3 Nf6 7. e5 Qe7 8.
Bg5 Nxe5 9. Nxe5 Qxe5+ 10. Qe2 Qxe2+ 11. Bxe2 Be7 12. Nb5 c6 13. Nc7+ Kf8 14.
Nxa8 b6 15. Bxf6 Bxf6 16. c3 g6 17. O-O Kg7 18. Nc7 d5 19. Rfe1 Bd7 20. h3 d4
21. cxd4 Bxd4 22. Rad1 c5 23. b4 Bf5 24. Bd3 Bxd3 25. Rxd3 h5 26. Re7 h4 27.
Rd1 Rh5 28. Rde1 Rf5 29. Ne6+ Kg8 30. Nxd4 1-0

[Event "Tournoi francophone 006 Groupe D"]
[Site "Skype"]
[Date "????.??.??"]
[Round "5.5"]
[White "Gabriele, Noel"]
[Black "Vervoort, Jean-Louis"]
[Result "1-0"]
[WhiteElo "1305"]
[BlackElo "1395"]
[PlyCount "47"]

1. Nf3 d5 2. d4 Bg4 3. Ne5 Bf5 4. Nc3 Nf6 5. e3 e6 6. Be2 Bd6 7. O-O O-O 8. g4
Bg6 9. Nxg6 fxg6 10. f4 Nc6 11. g5 Nd7 12. Nb5 a6 13. Nxd6 cxd6 14. Bg4 Qe7 15.
Bd2 h5 16. gxh6 gxh6 17. Rf2 Rf6 18. Rg2 Kh7 19. Be1 g5 20. fxg5 hxg5 21. Qd3+
Kh6 22. Rg3 Raf8 23. Rh3+ Kg7 24. Qh7# 1-0

[Event "Tournoi francophone 006 Groupe D"]
[Site "Skype"]
[Date "????.??.??"]
[Round "6.1"]
[White "Ambrosino, Theo"]
[Black "Vervoort, Jean-Louis"]
[Result "1-0"]
[WhiteElo "1419"]
[BlackElo "1395"]
[PlyCount "73"]

1. e4 e5 2. Nf3 Nc6 3. Nc3 Bb4 4. a3 Bxc3 5. dxc3 Nf6 6. Bg5 O-O 7. Bd3 h6 8.
Bh4 d6 9. h3 Be6 10. O-O g5 11. Nxg5 hxg5 12. Bxg5 Kh8 13. Qf3 Kg7 14. Qxf6+
Qxf6 15. Bxf6+ Kxf6 16. b4 a6 17. Rab1 Na7 18. c4 c6 19. c5 dxc5 20. bxc5 Rab8
21. f4 Rg8 22. f5 Bd7 23. g4 Rh8 24. Kg2 Rh7 25. Rfd1 Nb5 26. Bxb5 axb5 27.
Rxd7 Rbh8 28. Rh1 Rb8 29. Rd6+ Kg5 30. h4+ Kxg4 31. Rdd1 Rg8 32. Rdf1 Rxh4 33.
Rxh4+ Kxh4+ 34. Kf3 Rg3+ 35. Ke2 Rg2+ 36. Kd1 Rxc2 37. Kxc2 1-0

[Event "Tournoi francophone 006 Groupe D"]
[Site "Skype"]
[Date "????.??.??"]
[Round "6.2"]
[White "Porcabeuf, Jean-Marc"]
[Black "Gabriele, Noel"]
[Result "1/2-1/2"]
[WhiteElo "1270"]
[BlackElo "1305"]
[PlyCount "79"]

1. d4 d5 2. e3 Nf6 3. Bd3 e6 4. Nf3 Be7 5. O-O O-O 6. c3 Ne4 7. Re1 f5 8. Ne5
Nd7 9. Nxd7 Bxd7 10. c4 dxc4 11. Bxc4 b5 12. Bd3 c6 13. Bxe4 fxe4 14. Nc3 Bb4
15. Bd2 Qh4 16. Re2 Rf5 17. g3 Qg4 18. Qc2 Bxc3 19. Bxc3 Raf8 20. Rf1 Qf3 21.
Be1 h5 22. h4 g6 23. Kh2 g5 24. Rg1 g4 25. Rd2 a6 26. d5 exd5 27. Rd4 Re5 28.
Rd2 Rc8 29. Qc5 Qf8 30. Qc2 Qf3 31. Qc3 Rce8 32. Rf1 Qf8 33. Rg1 c5 34. f4 gxf3
35. g4 hxg4 36. Rxg4+ Bxg4 37. Bg3 Rh5 38. Kg1 b4 39. Qb3 Rd8 40. Qa4 1/2-1/2

[Event "Tournoi francophone 006 Groupe D"]
[Site "Skype"]
[Date "????.??.??"]
[Round "6.4"]
[White "Riviere, Perrine"]
[Black "Bustos, Ricardo"]
[Result "0-1"]
[WhiteElo "1304"]
[BlackElo "1319"]
[PlyCount "44"]

1. e4 c5 2. Nf3 Nc6 3. Bc4 e6 4. O-O Nf6 5. Re1 d6 6. Nc3 a6 7. Nd5 exd5 8.
exd5+ Ne7 9. d4 b5 10. Bf1 c4 11. Bf4 Nfxd5 12. Bg3 Be6 13. Ng5 Nc7 14. d5 Bxd5
15. c3 h6 16. Nf3 Be6 17. b3 Nf5 18. Bf4 Be7 19. Be2 O-O 20. Nd4 Nxd4 21. Qxd4
Bf6 22. Qd1 Bxc3 0-1

[Event "Tournoi francophone 006 Groupe D"]
[Site "Skype"]
[Date "????.??.??"]
[Round "6.5"]
[White "Guillaume, Mickael"]
[Black "Lemoine, Gerard"]
[Result "1/2-1/2"]
[WhiteElo "1295"]
[BlackElo "1330"]
[PlyCount "155"]

1. e4 e6 2. d4 d5 3. e5 c5 4. c3 Nc6 5. Bb5 Nge7 6. Nf3 Qb6 7. a4 Bd7 8. Na3
cxd4 9. Nxd4 Nxe5 10. Bxd7+ Nxd7 11. O-O Nc6 12. Nxc6 bxc6 13. Nc2 a6 14. Re1
Bc5 15. Re2 O-O 16. Nd4 Rfe8 17. Be3 Qb7 18. Nf3 Bxe3 19. fxe3 a5 20. Qc2 Qb8
21. g3 Ne5 22. Ng5 Ng6 23. Rb1 Qd8 24. Nh3 Rb8 25. b4 h6 26. b5 Qd7 27. Qd3 Rb6
28. Rf2 c5 29. c4 Ne5 30. Qd1 Nxc4 31. e4 d4 32. Qd3 Ne5 33. Qd1 d3 34. Nf4 c4
35. Qd2 Ra8 36. Kg2 Qd4 37. Rc1 Ng4 38. Rff1 Ne3+ 39. Kh3 Nxf1 40. Rxf1 Qxe4
41. Rf2 g5 42. Nh5 Kf8 43. Nf6 Qg6 44. Nd7+ Kg7 45. Nxb6 Qh5+ 46. Kg2 Rb8 47.
Nxc4 Qg6 48. Ne5 Qe4+ 49. Nf3 g4 50. Qd1 gxf3+ 51. Rxf3 Qe2+ 52. Qxe2 dxe2 53.
Kf2 e1=Q+ 54. Kxe1 Rd8 55. b6 e5 56. b7 e4 57. Rb3 Rb8 58. Ke2 Kf6 59. Ke3 Ke5
60. Rb5+ Kd6 61. Kxe4 Kc6 62. h4 Rxb7 63. Rxa5 Kb6 64. Rh5 Re7+ 65. Kf3 Re6 66.
g4 Rc6 67. g5 hxg5 68. Rxg5 f6 69. Rf5 Rc3+ 70. Ke4 Rc4+ 71. Kd3 Rxa4 72. Rxf6+
Kc5 73. h5 Rd4+ 74. Ke3 Rh4 75. h6 Kd5 76. Rf5+ Ke6 77. Rf4 Rxh6 78. Re4+
1/2-1/2

[Event "Tournoi francophone 006 Groupe D"]
[Site "Skype"]
[Date "????.??.??"]
[Round "7.1"]
[White "Lemoine, Gerard"]
[Black "Ambrosino, Theo"]
[Result "1-0"]
[WhiteElo "1330"]
[BlackElo "1419"]
[PlyCount "31"]

1. d4 d5 2. c4 Nc6 3. Nf3 Nf6 4. Nc3 h6 5. Bf4 a6 6. e3 Bf5 7. Bd3 Ne4 8. Nxd5
e5 9. Nxe5 Bb4+ 10. Nxb4 Nxb4 11. Qa4+ Nc6 12. Nxc6 bxc6 13. Qxc6+ Bd7 14.
Qxe4+ Be6 15. d5 O-O 16. Qh7# 1-0

[Event "Tournoi francophone 006 Groupe D"]
[Site "Skype"]
[Date "????.??.??"]
[Round "7.2"]
[White "Bustos, Ricardo"]
[Black "Guillaume, Mickael"]
[Result "1-0"]
[WhiteElo "1319"]
[BlackElo "1295"]
[PlyCount "42"]

1. d4 d5 2. Nf3 e6 3. c4 c5 4. e3 Nc6 5. cxd5 exd5 6. Bb5 Qb6 7. Bxc6+ Qxc6 8.
Ne5 Qb6 9. dxc5 Bxc5 10. Qxd5 Be6 11. Qf3 Nf6 12. O-O O-O 13. a3 Rad8 14. b4
Be7 15. Nc3 Qd6 16. Qg3 Nd7 17. Nxd7 Qxg3 18. fxg3 Rxd7 19. Bb2 Rfd8 20. Ne4
Rd2 21. Nxd2 Rxd2 1-0

[Event "Tournoi francophone 006 Groupe D"]
[Site "Skype"]
[Date "????.??.??"]
[Round "7.4"]
[White "Gabriele, Noel"]
[Black "Bucherie, Volcy"]
[Result "1-0"]
[WhiteElo "1305"]
[BlackElo "1191"]
[PlyCount "125"]

1. Nf3 Nf6 2. d4 d5 3. e3 c5 4. c4 b5 5. cxb5 a6 6. dxc5 e6 7. b4 g6 8. b6 Bg7
9. Bb2 O-O 10. Be2 Nc6 11. a3 Ne4 12. Bxg7 Kxg7 13. O-O Qf6 14. Ra2 Ne5 15.
Nxe5 Qxe5 16. f3 Nc3 17. Nxc3 Qxe3+ 18. Rf2 Qxc3 19. Bf1 a5 20. Rfc2 Qe3+ 21.
Kh1 axb4 22. Re2 Qxc5 23. Qa1+ Kg8 24. axb4 Rxa2 25. Rxa2 Qxb4 26. Rb2 Qc3 27.
Qb1 Bb7 28. Rc2 Qa5 29. Rc7 Ba6 30. Bxa6 Qxa6 31. Ra7 Qc4 32. b7 Qc7 33. Ra8
Qe5 34. Rxf8+ Kxf8 35. b8=Q+ Qxb8 36. Qxb8+ Kg7 37. Qe5+ Kf8 38. Qh8+ Ke7 39.
Qxh7 Kf6 40. Qh4+ g5 41. Qh6+ Kf5 42. g4+ Kf4 43. Qf6+ Ke3 44. Qxf7 d4 45.
Qxe6+ Kxf3 46. Qf5+ Ke2 47. Qxg5 d3 48. Qb5 Ke3 49. Qb3 Ke2 50. Qe6+ Kf2 51.
Qf5+ Ke2 52. Kg1 d2 53. Qf1+ Ke3 54. Qd1 Kd3 55. g5 Ke3 56. g6 Kd3 57. g7 Kc3
58. g8=Q Kd3 59. Qd8+ Ke3 60. Q8xd2+ Ke4 61. Q1e2+ Kf5 62. Qd5+ Kf4 63. Qee4#
1-0

[Event "Tournoi francophone 006 Groupe D"]
[Site "Skype"]
[Date "????.??.??"]
[Round "7.5"]
[White "Vervoort, Jean-Louis"]
[Black "Porcabeuf, Jean-Marc"]
[Result "1-0"]
[WhiteElo "1395"]
[BlackElo "1270"]
[PlyCount "88"]

1. d4 d5 2. c4 e6 3. Nc3 Bd6 4. cxd5 exd5 5. Nxd5 Be6 6. Nc3 Nf6 7. Bg5 O-O 8.
Nf3 Nbd7 9. e4 Qe8 10. e5 Bf5 11. Qe2 Bb4 12. exf6 Nxf6 13. Bxf6 Bxc3+ 14. bxc3
Qc6 15. Qd2 Qxf6 16. Be2 Rfe8 17. O-O Re7 18. h3 h6 19. c4 Qg6 20. c5 Bxh3 21.
Ne1 Bf5 22. g3 Rae8 23. Bc4 Re4 24. Nf3 Rf4 25. Qxf4 Re4 26. Qd2 Qh5 27. Bd3
Re6 28. Bxf5 Qxf5 29. Rfe1 Rg6 30. Nh4 Rxg3+ 31. fxg3 Qh3 32. Re8+ Kh7 33. Qd3+
f5 34. Nxf5 g6 35. Nh4 Qg4 36. Rae1 h5 37. R1e7+ Kh6 38. Qe3+ g5 39. Qe6+ Qxe6
40. Rxe6+ Kg7 41. Rg6+ Kf7 42. Rh8 gxh4 43. Rgh6 hxg3 44. R8h7+ Kg8 1-0

5 c6
46. R7h6 Kg7 1-0